Praktické příklady programování. Mikropočítače

Salvato in:
Dettagli Bibliografici
Natura: Libro
Lingua:ceco
Pubblicazione: Praha : TESLA ELTOS, 1989
Tags: Aggiungi Tag
Nessun Tag, puoi essere il primo ad aggiungerne!!

MARC

LEADER 00000nam a22000003a 4500
001 stu31076
005 20150408181053.8
008 930312s1989----xr------------------cze-d
040 |a STU  |b slo 
041 0 |a cze 
044 |a xr 
080 |a 681.3.066 
245 |a Praktické příklady programování. Mikropočítače 
260 |a Praha :  |b TESLA ELTOS,  |c 1989 
300 |a 284 s 
996 |b J86930  |c J*86930  |l JJK3  |s P  |a 0  |w stu31076_0001